Normal view
MARC view
Entry Personal Name
001 - CONTROL NUMBER
- control field: 3559
003 - CONTROL NUMBER IDENTIFIER
- control field: OSt
005 - DATE AND TIME OF LATEST TRANSACTION
- control field: 20190319121607.0
008 - FIXED-LENGTH DATA ELEMENTS
- fixed length control field: 190319|| aca||aabn | a|a d
040 ## - CATALOGING SOURCE
- Original cataloging agency: OSt
- Transcribing agency: OSt
100 ## - HEADING--PERSONAL NAME
- Personal name: Tamil Nadu. Department of Industries, Labour and Co-Operation
670 ## - SOURCE DATA FOUND
- Source citation: Work cat.: (OSt): Tamil Nadu. Department of Industries, Labour and Co-Operation, Report on the working of the factories act in the state of Madras, 1949, 1950
